Cambios en el ambiente comercial henisférico : (Record no. 44145)

MARC details
000 -LEADER
campo de control de longitud fija 01101nam a2200181 4500
001 - NÚMERO DE CONTROL
campo de control 291
005 - FECHA Y HORA DE LA ÚLTIMA TRANSACCIÓN
campo de control 20230410115603.0
008 - DATOS DE LONGITUD FIJA--INFORMACIÓN GENERAL
campo de control de longitud fija 060907n1993 dr spa
035 ## - NÚMERO DE CONTROL DEL SISTEMA
-- funglode292
041 ## - CÓDIGO DE IDIOMA
Código de lengua del texto/banda sonora o título independiente ES
050 14 - SIGNATURA TOPOGRÁFICA DE LA BIBLIOTECA DEL CONGRESO
Número de clasificación HF 1480.5 C175 1991
245 0# - MENCIÓN DEL TÍTULO
Título Cambios en el ambiente comercial henisférico :
Resto del título Oportunidades y obstáculos /
Mención de responsabilidad, etc. Mark rosenberg, Editor
260 ## - PUBLICACIÓN, DISTRIBUCIÓN, ETC.
Lugar de publicación, distribución, etc. Santiago de Chile :
Nombre del editor, distribuidor, etc. FLACSO; LACC,
Fecha de publicación, distribución, etc. 1993
300 ## - DESCRIPCIÓN FÍSICA
Extensión 247 p. / 23 cm
520 ## - RESUMEN, ETC.
Sumario, etc. Cambios en el ambiente comercial hemisférico, 13. -- Opciones para un orden comercial hemisférico, 39. -- El comercio no es suficiente, 79. -- El mercado único europeo y su impacto sobre las relaciones comerciales entre EEUU y Latinoamérica, 89. -- Europa puede ayudar, pero lo hará?, 129. -- Relaciones comerciales de Latinoamérica con Japón : Nuevas oportunidades en la década de los 90?, 139. -- Relaciones entre Japón y Latinoamérica : Una perspectiva diferente, 171. -- La Ronda de Uruguay para el comercio multilateral : Implicaciones para Latinoamérica, 229
700 ## - ENTRADA AGREGADA--NOMBRE PERSONAL
Nombre de persona Rosenberg, Mark, Ed
942 ## - ELEMENTOS DE ENTRADA SECUNDARIOS (KOHA)
Fuente del sistema de clasificación o colocación Clasificación de Library of Congress
Tipo de ítem Koha
Holdings
Estatus retirado Estado de pérdida Fuente del sistema de clasificación o colocación Estado de daño No para préstamo Colección Biblioteca de origen Biblioteca actual Ubicación en estantería Fecha de adquisición Serial enumeration / chronology Signatura topográfica completa Código de barras Visto por última vez Copia número Tipo de ítem Koha
    Clasificación de Library of Congress     Ciencias Sociales Biblioteca Juan Bosch Biblioteca Juan Bosch Ciencias Sociales (3er. Piso) 24/10/2018 1 HF 1480.5 C175 1991 00020010292 24/10/2018 1